| 000 | 01357cam a2200277 4500 | ||
|---|---|---|---|
| 001 | ##L130767 | ||
| 002 | ##8831 | ||
| 008 | 050825n2005 000 0 eng u | ||
| 020 | _a0418824606 | ||
| 035 | _a(Sirsi) u130767 | ||
| 041 | 0 | _aeng | |
| 050 | 0 | 4 | _a692.8 $2 18 |
| 110 | 2 |
_aJoint Contracts Tribunal _93664 |
|
| 240 | 0 | 0 | _aCWa/F 05 |
| 245 | 0 | 0 |
_aCWa/F _bContractor Collateral Warranty for a Funder 2005 |
| 260 |
_aLondon _bSweet and Maxwell _c2005 |
||
| 300 |
_aii, 20p _c30cm |
||
| 350 | _a18.95 | ||
| 490 | 0 | _aJCT Contractor Collateral Warranty for a Funder (2005 Edition) | |
| 520 | _aThis warranty may be given by a contractor to a provider of finance for proposed building works let or to be let under the JCT Standard Building Contract (2005 Edition), the JCT Intermediate Building Contract (2005 Edition), or a JCT Intermediate Building Contract with Contractor's Design (2005 Edition) or a JCT Design and Build Contract (2005 Edition). | ||
| 520 | _aSupersedes JCT Form of Agreement for Collateral Warranty for Funding Instructions by a Main Contractor (2001 Edition) (L116257). | ||
| 650 | 2 | 4 | _aJCT CONTRACTOR COLLATERAL WARRANTY FOR A FUNDER (2005 EDITION) |
| 651 | 4 |
_aUnited Kingdom _y |
|
| 690 | _aBUILT ENVIRONMENT-BUILDING CONTRACT FORMS-STANDARD FORMS OF BUILDING CONTRACT-JOINT CONTRACTS TRIBUNAL CONTRACTS | ||
| 942 | _n0 | ||
| 999 |
_c104570 _d104570 |
||